000 01009nam a2200301 4500
003 EG-GICUC
005 20260409121837.0
008 260409s1948 -ge||||| |||| 00| 0 fre d
040 _aEG-GiCUC
_bfre
_cEG-GiCUC
_dEG-GiCUC
_eRda
041 0 _afre
082 0 4 _221
_a341.511
_bPR
092 0 4 _221
099 _aLaw1 11 341.511 PR 1948
245 0 0 _aProcès des Grands Criminels de Cuerre devant le tribunal militaire international.
_nTome XIII.
264 1 _aNuremberg :
_b[Éditeur non spécifié],
_c1948.
300 _a660 page ;
_c 24 cm.
_billustration ;
336 _2rda contenu
_a texte
337 _2rda medias
_aOrdinateur
338 _2 transporteur rda
_a Ressource en ligne
504 _aBibliography: pages 200-250. 240-220
546 _aTexte en français
650 1 4 _aDroit international public
_2qrmak
650 1 4 _aTribunaux internationaux
_2qrmak
651 1 _2qrmak
856 4 0 _uhttps://fll.law.cu.edu.eg/fulltext/bks/B11-09926.pdf
905 _a30
942 _2ddc
_cBK
_e21
_n0
999 _c69832
_d69832